An introduction To Relativistic Quantum Field Theory (Record no. 530856)
[ view plain ]
| 000 -LEADER | |
|---|---|
| fixed length control field | 00339nam a2200121Ia 4500 |
| 008 - FIXED-LENGTH DATA ELEMENTS--GENERAL INFORMATION | |
| fixed length control field | 191014s9999 xx 000 0 und d |
| 082 ## - DEWEY DECIMAL CLASSIFICATION NUMBER | |
| Classification number | 530.143 |
| Author Mark | SCH |
| 100 ## - MAIN ENTRY--PERSONAL NAME | |
| Personal name | Silvan S. Schweber |
| 9 (RLIN) | 20286 |
| 245 #3 - TITLE STATEMENT | |
| Title | An introduction To Relativistic Quantum Field Theory |
| 260 ## - PUBLICATION, DISTRIBUTION, ETC. | |
| Place of publication, distribution, etc. | New York |
| Name of publisher, distributor, etc. | Harper & Row |
| Date of publication, distribution, etc. | 1964 |
| 300 ## - PHYSICAL DESCRIPTION | |
| Extent | Xii,913 |
| 942 ## - ADDED ENTRY ELEMENTS (KOHA) | |
| Koha item type | Book |
| Withdrawn status | Lost status | Damaged status | Not for loan | Permanent Location | Current Location | Date acquired | Source of acquisition | Cost, normal purchase price | Total Checkouts | Full call number | Barcode | Date last seen | Price effective from | Koha item type |
|---|---|---|---|---|---|---|---|---|---|---|---|---|---|---|
| School of Natural Sciences (SNS) | School of Natural Sciences (SNS) | 10/15/2019 | Donation | 0.00 | 530.143SCH | SNS0002633 | 10/15/2019 | 10/15/2019 | Book |
